000
00343pam a2200157a 44500
008
230515b1976 xxu||||| |||| 00| 0 eng d
020
_a
NULL
041
_a
ENGLISH
082
_a
N.D.
100
_a
NULL
245
_a
Indian ISO Matric Screw Threads
250
_a
0
260
_a
NULL
_b
Indian Std.
_c
1976
300
_a
14
650
_a
NULL
999
_c
574396
_d
574396